Vývoj pojistného trhu v roce 2019 a živelní škody v 1. čtvrtletí 2020

Výsledky kvartálnych štatistík Českej asociácie poisťovní k obdobiu 31. december 2019, zahŕňajúce sledované údaje predpísaného poistného i novú rozšírenú štruktúru škôd podľa rizika majetkového poistenia, ukázali zaujímavú medziročnú dynamiku vývoja. Podrobnejšie predstavenie niektorých hlavných pos...

Descrizione completa

Salvato in:
Dettagli Bibliografici
Autore principale: Jedlička, Petr
Natura: Capitolo di libro
Lingua:ceco
Soggetti:
Tags: Aggiungi Tag
Nessun Tag, puoi essere il primo ad aggiungerne!!

MARC

LEADER 00000naa a2200000 4500
001 0263459
005 20200509215053.9
041 0 |a cze 
044 |a CZ 
245 1 0 |a Vývoj pojistného trhu v roce 2019 a živelní škody v 1. čtvrtletí 2020  |c Petr Jedlička 
520 |a Výsledky kvartálnych štatistík Českej asociácie poisťovní k obdobiu 31. december 2019, zahŕňajúce sledované údaje predpísaného poistného i novú rozšírenú štruktúru škôd podľa rizika majetkového poistenia, ukázali zaujímavú medziročnú dynamiku vývoja. Podrobnejšie predstavenie niektorých hlavných posunov a dlhodobejších trendov. Informácie k živelným škodám ako napríklad počet vybavených poistných udalostí z víchrice či krupobitia a objem poistených škôd. Najväčšie živelné katastrofy v Českej republike a štatistika najničivejších orkánov. 
610 2 0 |a pohromy živelné 
610 2 0 |a udalosti poistné 
610 2 0 |a škody 
610 2 0 |a poistenie neživotné 
610 2 0 |a poistenie životné 
610 2 0 |a poistenie majetku 
610 2 0 |a poistné 
610 2 0 |a vývoj 
610 2 0 |a trh poistný 
610 2 0 |a poisťovne 
610 2 0 |a poisťovníctvo 
610 2 0 |a štatistika 
610 2 0 |a Česko 
100 1 |a Jedlička, Petr